Britannica : (Record no. 9570)
[ view plain ]
| 000 -LEADER | |
|---|---|
| fixed length control field | 00688nam a2200241 a 4500 |
| 001 - CONTROL NUMBER | |
| JCCL Control Number | 9570 |
| 003 - CONTROL NUMBER IDENTIFIER | |
| JCCL marc code | BD - JhCC |
| 005 - DATE AND TIME OF LATEST TRANSACTION | |
| control field | 20180529135643.0 |
| 008 - FIXED-LENGTH DATA ELEMENTS--GENERAL INFORMATION | |
| fixed length control field | 180319s1995 ii a 000 0 en sd |
| 020 ## - INTERNATIONAL STANDARD BOOK NUMBER | |
| International Standard Book Number | 8181310983 |
| 035 ## - SYSTEM CONTROL NUMBER | |
| system control number | 61-04450 |
| -- | (BD - Jhcc)9570 |
| 035 ## - SYSTEM CONTROL NUMBER | |
| system control number | (OCoLC)2064095 |
| 040 ## - CATALOGING SOURCE | |
| Original cataloging agency | DLC |
| Transcribing agency | FHM |
| Modifying agency | BD-JhCC |
| 041 ## - LANGUAGE CODE | |
| Language code of Book | eng |
| 082 ## - DEWEY DECIMAL CLASSIFICATION NUMBER | |
| Classification number | 030 |
| Author mark and Year | BRI 2006 |
| 245 10 - TITLE STATEMENT | |
| Title | Britannica : |
| Remainder of title | Ready Reference Encyclopedia / |
| Statement of responsibility, etc | Encyclopedia Britannica |
| 260 ## - PUBLICATION, DISTRIBUTION, ETC. (IMPRINT) | |
| Place of publication, distribution, etc | New Delhi : |
| Name of publisher, distributor, etc | Encyclopedia Britannica ( India) Pvt. Ltd, |
| Date of publication, distribution, etc | 2006. |
| 300 ## - PHYSICAL DESCRIPTION | |
| Pagination | various p., v1-9 : |
| Other physical details | ills; |
| Dimensions | 25 cm |
| 650 #0 - SUBJECT ADDED ENTRY--TOPICAL TERM | |
| Topical term or geographic name as entry element | Encyclopedia |
| 710 ## - ADDED ENTRY--CORPORATE NAME | |
| Corporate name or jurisdiction name as entry element | Encyclopedia Britannica |
| 942 ## - ADDED ENTRY ELEMENTS (KOHA) | |
| Source of classification or shelving scheme | Dewey Decimal Classification |
| Koha item type | Reference |
| Source of classification or shelving scheme | volume number | Damaged status | Not for loan | Home library | Current library | Shelving location | Total Checkouts | Full call number | Barcode | Date last seen | Copy number | Koha item type | Date of accession |
|---|---|---|---|---|---|---|---|---|---|---|---|---|---|
| Dewey Decimal Classification | V - 1 | JCC Rouf Library | JCC Rouf Library | General Stacks | 030 BRI 2006 | 12739 | 03/19/2018 | C - 1 | Reference | ||||
| Dewey Decimal Classification | V - 3 | JCC Rouf Library | JCC Rouf Library | General Stacks | 030 BRI 2006 | 12742 | 03/19/2018 | C - 2 | Reference | ||||
| Dewey Decimal Classification | V - 2 | JCC Rouf Library | JCC Rouf Library | General Stacks | 030 BRI 2006 | 12741 | 03/19/2018 | C - 3 | Reference | ||||
| Dewey Decimal Classification | V - 5 | JCC Rouf Library | JCC Rouf Library | General Stacks | 030 BRI 2006 | 12743 | 03/19/2018 | C - 4 | Reference | ||||
| Dewey Decimal Classification | V - 4 | JCC Rouf Library | JCC Rouf Library | General Stacks | 030 BRI 2006 | 12740 | 03/19/2018 | C - 5 | Reference | ||||
| Dewey Decimal Classification | V - 7 | JCC Rouf Library | JCC Rouf Library | General Stacks | 030 BRI 2006 | 12737 | 03/19/2018 | C - 6 | Reference | ||||
| Dewey Decimal Classification | V - 6 | JCC Rouf Library | JCC Rouf Library | General Stacks | 030 BRI 2006 | 12744 | 03/19/2018 | C - 7 | Reference | ||||
| Dewey Decimal Classification | V - 9 | JCC Rouf Library | JCC Rouf Library | General Stacks | 030 BRI 2006 | 12738 | 03/19/2018 | C - 8 | Reference | ||||
| Dewey Decimal Classification | V - 8 | JCC Rouf Library | JCC Rouf Library | General Stacks | 030 BRI 2006 | 12736 | 03/19/2018 | C - 9 | Reference | ||||
| Dewey Decimal Classification | JCC Rouf Library | JCC Rouf Library | General Stacks | 030 BRI 2006 | 13358 | 04/04/2018 | C-9 | Reference | 04/04/2018 |